[Event "ICS rated blitz match"]
[Site "204.178.125.65"]
[Date "1999.08.17"]
[Round "?"]
[White "Hossa"]
[Black "matar"]
[Result "0-1"]
[WhiteElo "2358"]
[BlackElo "2229"]
[Annotator "Fritz 5.32 (15s)"]
[PlyCount "52"]
[EventDate "1999.??.??"]

1. e4 1... c5 {Opening = 5.Bd3 Nf6} 2. Nf3 e6 3. d4 cxd4 4. Nxd4 a6 5. Bd3 Nf6
6. O-O Qc7 7. Bg5 (7. b3 d6 8. Bb2 Nbd7 9. c4 g6 10. Nc3 Bg7 11. Qe2 O-O 12.
Rad1 b6 13. Bb1 Bb7 14. Kh1 Rfe8 15. f4 e5 16. fxe5 Nxe5 17. Rde1 b5 18. cxb5
d5 19. Rxf6 Bxf6 20. bxa6 Bxa6 21. Nxd5 21... Qd6 {
Short,N-Sax,G/Amsterdam 1983/MCD/0-1 (41)}) 7... Be7 8. Nc3 (8. f4 Qb6 9. Bc4
Nc6 10. c3 Nxe4 11. Bxe7 Nxe7 12. Bd3 Nf6 13. Kh1 Qxb2 14. Nb3 Ned5 15. Qf3 Ng4
16. h3 h5 17. Kg1 Nxc3 18. Nxc3 Qxc3 19. Rac1 Qf6 20. hxg4 hxg4 21. Qxg4 b5 22.
Qf3 Rb8 23. Rc7 Rh4 24. g3 Rh6 25. Rfc1 Kd8 26. Qe3 Rh3 27. Be4 d5 28. Bg2 Rh5
29. Qc5 {1-0 Rohacek,M-Hudec,J/Bratislava 1996/EXT 98 (29)}) 8... b5 $146 (8...
b6 9. Qe1 Qc5 10. Nf3 h6 11. Be3 Qc7 12. h3 Nc6 13. a3 Bb7 14. Rd1 b5 15. Qd2
h5 16. Bf4 d6 17. Bxb5 axb5 18. Nxb5 Qa5 19. Nxd6+ Bxd6 20. Qxa5 Nxa5 21. Bxd6
Nxe4 22. Bc7 Nc4 23. Rd4 {Bitter,L-Mohtaji,J/Paris 1993/EXT 97/1-0 (48)}) (8...
O-O 9. Qe2 d6 10. Kh1 Nc6 11. Nxc6 bxc6 12. e5 dxe5 13. Bxf6 Bxf6 14. Ne4 Be7
15. Qh5 g6 16. Qh6 f5 17. Ng5 Bf6 18. Bc4 Qe7 19. h4 Rd8 20. Rad1 Rd4 21. Rxd4
Bxg5 22. hxg5 exd4 23. f4 {Todorov,M-Petrault,F/Paris 1993/EXT 97/ - (47)}) 9.
Qd2 9... Bb7 {Schwarz muss dringend die Entwicklung vorantreiben.} 10. a4 b4
11. Nce2 Nc6 12. Nxc6 12... Qxc6 {Steigert den Druck auf den Bauern e4} (12...
Bxc6 13. c3 $11) 13. Bxf6 gxf6 14. Nd4 Qb6 15. Nf3 15... Rg8 $14 (15... d5 16.
Qe2 $11) 16. Qh6 f5 17. Qxh7 O-O-O 18. Qxf7 $15 (18. Rfe1 $5 $11 $142 {
ist interessant}) 18... fxe4 19. Qxe7 exd3 (19... exf3 $6 {ist minderwertig}
20. g3 Rde8 21. Qf6 $14) 20. g3 (20. Ng5 20... Rde8 $1 {logisch und kraftvoll}
21. Qf6 21... Qc6 $19) 20... Bxf3 {Es droht Matt} 21. a5 (21. Qh7 {
haette noch versucht werden koennen} 21... Be2 22. cxd3 Bxf1 23. Rxf1 $19)
21... Qd4 (21... Rxg3+ 22. hxg3 Rh8 23. Qf8+ Rxf8 24. cxd3 Rh8 25. Rac1+ Kb7
26. Rc7+ Qxc7 27. Rc1 Qxc1#) 22. c3 22... Rxg3+ $1 {
Rueckgabe des Materials ist das staerkste} ({Jedoch nicht} 22... bxc3 23. bxc3
Qf4 24. Qc5+ Bc6 25. Qe3 $19) 23. hxg3 23... Rh8 $1 {die Pointe. Droht Matt}
24. Qf8+ Rxf8 25. cxd4 Rh8 26. Rfb1 (26. Rfc1+ {hilft allerdings auch nicht}
26... Kb7 27. Rc7+ Kxc7 28. Rc1+ Kd6 29. Rc6+ dxc6 30. Kf1 Rh1#) 26... Rh1# 0-1

[Event "ICS rated blitz match"]
[Site "204.178.125.65"]
[Date "1999.08.17"]
[Round "?"]
[White "matar"]
[Black "Hossa"]
[Result "1-0"]
[WhiteElo "2251"]
[BlackElo "2336"]
[Annotator "Fritz 5.32 (15s)"]
[PlyCount "59"]
[EventDate "1999.??.??"]

1. e4 1... e5 {Opening = C70 - 4.Ba4 ---} 2. Nf3 Nc6 3. Bb5 a6 4. Ba4 b5 5. Bb3
Bc5 6. c3 Nf6 (6... Bb6 7. d4 exd4 8. cxd4 h6 9. a4 b4 10. a5 Ba7 11. d5 Nce7
12. e5 d6 13. O-O Ng6 14. e6 N8e7 15. exf7+ Kxf7 16. Nd4 Bxd4 17. Qxd4 Rb8 18.
Ra4 Nf5 19. Qd2 Qf6 20. Rxb4 Rxb4 21. Qxb4 Nd4 22. Bd1 Nh4 23. Qc3 Re8 24. Bh5+
g6 25. Bd1 Nb5 26. Qxf6+ Kxf6 27. g3 Nf5 28. Nc3 28... Bd7 {
- Rantanen,Y-Khaled,F/Novi Sad 1990/TD (28)}) 7. d4 exd4 8. cxd4 (8. e5 dxc3 9.
exf6 Qxf6 10. Nxc3 O-O 11. O-O d6 12. Ne4 Qg6 13. Nxc5 dxc5 14. Bc2 Qh5 15. Be4
Bb7 16. Qc2 Rfe8 17. Qb1 Rad8 18. Be3 g6 19. Ng5 h6 20. Bf3 Qh4 21. g3 Qc4 22.
Ne4 Kg7 23. Rc1 Qd3 24. Qxd3 Rxd3 25. Nxc5 Rdxe3 26. fxe3 Rxe3 27. Nxb7 Nd4 28.
Bg2 Ne2+ 29. Kf2 Nxc1 30. Kxe3 {1-0 Pavlovic,Z-Smole,T/Kranj 1996/EXT 98 (30)})
8... Bb4+ 9. Nc3 $15 (9. Bd2 $5 {ist zu beachten} 9... Nxe4 10. Bxb4 Nxb4 11.
Bxf7+ Kxf7 12. Qb3+ d5 13. Qxb4 $11) 9... Nxe4 10. O-O {
Weiss geht zum Angriff ueber} 10... Bxc3 11. bxc3 {Deckt b4} 11... O-O 12. Re1
12... Nxc3 $4 $18 {gibt den Vorteil aus der Hand} (12... d5 $15 $142 {
geht wohl noch}) 13. Qd3 Nxa2 14. Bc2 $4 $14 {danach wendet sich das Blatt} (
14. Bg5 $142 {und aller Vorteil laege nun bei Weiss} 14... Nab4 15. Qc3 $18)
14... g6 15. Rxa2 Nb4 16. Qb3 c5 (16... Nxa2 $2 {ist ein Schlag ins Wasser} 17.
Bg5 $1 {zwingend und schoen} 17... Nc1 18. Rxc1 $18) 17. dxc5 Nxa2 18. Qxa2
18... Qc7 $4 $18 (18... Re8 $142 {haette die Niederlage vermieden} 19. Rxe8+
19... Qxe8 $16) 19. Bh6 {Weiss droht stark Qb2} 19... Qxc5 (19... d5 {
ist noch eine duenne Chance} 20. Bxf8 20... Bf5 $18) 20. Qb2 {
Mit der Mattdrohung Qg7} (20. Bxf8 $6 {verbietet sich, da} 20... Qxf8 21. Ne5
d5 22. Qxd5 22... Be6 $16) 20... f6 21. Bb3+ (21. Re8 $1 $142 {
und Schwarz kann direkt aufgeben} 21... Kf7 (21... Rxe8 $4 22. Qxf6 Qf8 23.
Bxf8 Rxf8 24. Bb3+ d5 25. Bxd5+ Be6 26. Bxe6+ Rf7 27. Qxf7+ Kh8 28. Qf6#) 22.
Rxf8+ Qxf8 23. Bxf8 Kxf8 24. Qxf6+ 24... Ke8 $18) 21... d5 22. Bxf8 {
Droht Matt: Qxf6} 22... Qc6 (22... Qxf8 {holt die Kuh nicht vom Eis} 23. Bxd5+
Kg7 24. Bxa8 $18) 23. Bh6 {Es droht Matt} 23... Bb7 24. Re7 Rf8 25. Ng5 {
Droht Matt: Rg7} 25... Ba8 (25... Qd6 {
kann das Vorangegangene nicht ungeschehen machen} 26. Rxb7 Qc6 27. Rg7+ Kh8 28.
Qc2 fxg5 29. Rf7 Qd6 30. Qb2+ d4 31. Qxd4+ Qxd4 32. Rxf8#) 26. Rg7+ Kh8 27.
Nf7+ $1 {ein unangenehmes Schach} 27... Rxf7 28. Rxf7 Qc1+ (28... Qd6 {
aendert den traurigen Lauf der Dinge nicht} 29. Qxf6+ Qxf6 30. Rxf6 a5 31. Rf8#
) 29. Qxc1 f5 (29... a5 {hilft auch nicht mehr} 30. Qc8#) 30. Rf8# (30. Qc8#)
1-0

[Event "ICS rated blitz match"]
[Site "204.178.125.65"]
[Date "1999.08.17"]
[Round "?"]
[White "matar"]
[Black "Hossa"]
[Result "1-0"]
[WhiteElo "2289"]
[BlackElo "2298"]
[Annotator "Fritz 5.32 (15s)"]
[PlyCount "89"]
[EventDate "1999.??.??"]

1. e4 1... e5 {Opening = C70 - 4.Ba4 ---} 2. Nf3 Nc6 3. Bb5 a6 4. Ba4 b5 5. Bb3
Bc5 6. c3 Nf6 (6... Bb6 7. d4 exd4 8. cxd4 h6 9. a4 b4 10. a5 Ba7 11. d5 Nce7
12. e5 d6 13. O-O Ng6 14. e6 N8e7 15. exf7+ Kxf7 16. Nd4 Bxd4 17. Qxd4 Rb8 18.
Ra4 Nf5 19. Qd2 Qf6 20. Rxb4 Rxb4 21. Qxb4 Nd4 22. Bd1 Nh4 23. Qc3 Re8 24. Bh5+
g6 25. Bd1 Nb5 26. Qxf6+ Kxf6 27. g3 Nf5 28. Nc3 28... Bd7 {
- Rantanen,Y-Khaled,F/Novi Sad 1990/TD (28)}) 7. d4 exd4 8. cxd4 (8. e5 dxc3 9.
exf6 Qxf6 10. Nxc3 O-O 11. O-O d6 12. Ne4 Qg6 13. Nxc5 dxc5 14. Bc2 Qh5 15. Be4
Bb7 16. Qc2 Rfe8 17. Qb1 Rad8 18. Be3 g6 19. Ng5 h6 20. Bf3 Qh4 21. g3 Qc4 22.
Ne4 Kg7 23. Rc1 Qd3 24. Qxd3 Rxd3 25. Nxc5 Rdxe3 26. fxe3 Rxe3 27. Nxb7 Nd4 28.
Bg2 Ne2+ 29. Kf2 Nxc1 30. Kxe3 {1-0 Pavlovic,Z-Smole,T/Kranj 1996/EXT 98 (30)})
8... Bb4+ 9. Nc3 $15 (9. Bd2 $5 {ist die kritische Fortsetzung} 9... Nxe4 10.
Bxb4 Nxb4 11. Bxf7+ Kxf7 12. Qb3+ d5 13. Qxb4 $11) 9... Nxe4 10. O-O Bxc3 11.
bxc3 {Deckt b4} 11... O-O 12. Re1 12... Nxc3 $4 $18 {
danach wendet sich das Blatt} (12... d5 $15 $142 {war noch moeglich}) 13. Qd3
Nd5 14. Bxd5 Nb4 15. Qb3 Nxd5 16. Qxd5 c6 17. Qh5 (17. Qd6 17... Re8 $18) 17...
f6 (17... d6 18. Bb2 $18) 18. d5 Bb7 19. d6 c5 (19... Re8 20. Bb2 $18) 20. Re7
Bxf3 21. Qxf3 Re8 22. Qd5+ Kh8 23. Qxc5 Rc8 24. Qe3 Rxe7 25. dxe7 Qe8 26. Ba3
a5 27. Bd6 Rc6 28. Rd1 Rc2 (28... h6 {nuetzt auch nichts mehr} 29. Qa7 a4 30.
Qa5 $18) 29. Qb3 Re2 (29... Rc8 {macht keinen grossen Unterschied} 30. Qxb5 h6
31. Qxa5 $18) 30. Qxb5 Re6 31. f4 (31. Qxa5 {gibt noch groesseren Vorteil}
31... Kg8 $18) 31... a4 (31... h6 {wuerde die Partie noch etwas verlaengern}
32. Rb1 Rxe7 (32... Rxd6 $4 {Schwarz kann den Laeufer nicht schlagen} 33. Qb8 (
33. Qxa5 $6 {kommt nicht in Frage} 33... Qxe7 34. Qe1 34... Re6 $15) 33... Qxb8
34. Rxb8+ Kh7 35. e8=Q $18) 33. Qxa5 33... Qg6 $18) 32. f5 Re4 33. Qd5 (33. Rb1
{waere im Gewinnsinne praeziser} 33... h6 34. Qb8 34... Qg8 $18) 33... Re2 34.
Rb1 (34. Bb4 {damit wuerde Weiss es sich noch erleichtern} 34... h6 35. Qxd7
35... Qh5 $18) 34... g5 35. Rb8 {Mit der Mattdrohung Qf7} 35... Qxb8 36. Bxb8
Re1+ 37. Kf2 Rxe7 38. Bd6 {Droht Matt: Bxe7} 38... Re8 39. Qf7 Rc8 40. Qxf6+
Kg8 41. Be5 Rc2+ 42. Kf3 (42. Ke3 Re2+ 43. Kxe2 h5 44. Qg7#) 42... g4+ 43. Kg3
Rxg2+ 44. Kxg2 h5 45. Qg7# 1-0

[Event "ICS rated blitz match"]
[Site "204.178.125.65"]
[Date "1999.08.18"]
[Round "?"]
[White "Hossa"]
[Black "ParalyseCabbage"]
[Result "1-0"]
[WhiteElo "2297"]
[BlackElo "2062"]
[Annotator "Fritz 5.32 (15s)"]
[PlyCount "67"]
[EventDate "1999.??.??"]

1. d4 1... Nf6 {Opening = D35 - 3.Nc3 Nf6(4.cd5 ed5 5.Bg5 c6 6.---)} 2. c4 e6
3. Nc3 d5 4. Bf4 dxc4 5. e3 (5. e4 Bb4 6. f3 b5 7. a4 c6 8. axb5 cxb5 9. Bxb8
Rxb8 10. Rxa7 Ba5 11. e5 Nd5 12. Qa1 Bxc3+ 13. bxc3 O-O 14. Nh3 b4 15. cxb4
Rxb4 16. Be2 Qh4+ 17. Nf2 c3 18. O-O Qxd4 19. Bd3 19... Rb2 {
Gonzales,J-Diaz,J/Capablanca mem-A 1992/CBM 29 ext/0-1 (33)}) 5... a6 6. Bxc4
6... b5 $146 (6... c5 7. Nf3 b5 8. Bb3 Bb7 9. O-O Be7 10. Rc1 cxd4 11. Nxd4 O-O
12. a4 Nbd7 13. axb5 e5 14. Nc6 Bxc6 15. bxc6 exf4 16. cxd7 fxe3 17. Nd5 Nxd7
18. Nxe3 Rb8 19. Nd5 Nf6 20. Nxe7+ Qxe7 21. Re1 Qb7 22. Bc4 {
- Kortschnoj,V-Andersson,U/Wijk aan Zee 1990/CBM 17 (22)}) 7. Qf3 Ra7 8. Bd3
Bb7 9. Qh3 Nbd7 10. Rc1 c5 11. Nge2 Be7 12. O-O Qa8 13. Bg5 h6 14. Bxf6 14...
Nxf6 $16 (14... Bxf6 $5 $142 {ist noch spielbar} 15. dxc5 Nxc5 16. Nxb5 axb5
17. Rxc5 17... O-O $14) 15. dxc5 Bxc5 16. Nxb5 axb5 17. Rxc5 O-O 18. a3 b4 19.
axb4 Ra2 20. Rb1 Ne4 21. Rcc1 $14 (21. Rc7 $5 $18 $142) 21... Nd2 22. Nc3 Nxb1
23. Nxa2 (23. Rxb1 Rd8 24. Bf1 Be4 25. Nxa2 25... Bxb1 $19) (23. Nxb1 $2 23...
Rxb2 24. Qh4 24... Bxg2 $19) 23... Qxa2 24. Bxb1 $2 $19 (24. Rd1 Rd8 25. Qh5
$17) 24... Qd5 $4 $16 {danach kann Schwarz alle Traeume begraben} (24... Qxb2
$142 25. Rd1 25... Qe2 $19) 25. e4 25... Qd2 {Es droht Matt} 26. Qc3 Qf4 27. g3
Qg4 28. f3 Qg5 29. f4 Qg4 30. Qd3 f5 31. Ba2 (31. e5 $5 31... Ra8 $18) 31...
Bxe4 $4 {ein Fehler in schlechter Stellung} (31... fxe4 $142 32. Qd1 Qxd1+ 33.
Rxd1 33... Re8 $18) 32. Bxe6+ Kh7 33. Qxe4 $1 {weise Rueckgabe des Materials}
33... fxe4 (33... Qxg3+ {aendert nichts am Ausgang der Partie} 34. hxg3 fxe4
35. Kf2 $18) 34. Bxg4 (34. Bxg4 e3 35. b5 $18) 1-0

[Event "ICS rated blitz match"]
[Site "204.178.125.65"]
[Date "1999.08.18"]
[Round "?"]
[White "TheBorg"]
[Black "Hossa"]
[Result "1-0"]
[WhiteElo "2519"]
[BlackElo "2310"]
[Annotator "Fritz 5.32 (15s)"]
[PlyCount "120"]
[EventDate "1999.??.??"]

1. e4 1... e5 {Opening = C70 - 4.Ba4 ---} 2. Nf3 Nc6 3. Bb5 a6 4. Ba4 b5 5. Bb3
Bc5 6. c3 Nf6 7. O-O Nxe4 (7... Qe7 8. d4 Bb6 9. a4 Bb7 10. axb5 axb5 11. Rxa8+
Bxa8 12. Re1 d6 13. Qd3 O-O 14. Bg5 h6 15. Bh4 b4 16. d5 Na5 17. Ba4 c5 18.
Nbd2 bxc3 19. bxc3 c4 20. Nxc4 Nxc4 21. Qxc4 g5 22. Bg3 {
Kuzmin,A-Neverov,V/Blagoveshchensk 1988/TD/ - (60)}) 8. Qe2 (8. d4 Bb6 9. dxe5
Nc5 10. Bc2 Ne6 11. Nbd2 Bb7 12. Ne4 Qe7 13. b4 O-O-O 14. a4 f5 15. Ned2 Nf4
16. axb5 axb5 17. Nb3 Nxg2 18. Bg5 Qf7 19. Bd3 h6 20. Bxb5 hxg5 21. Ba6 Bxa6
22. Rxa6 Nh4 23. Nxh4 Rxh4 24. Qd3 Qc4 25. Rd1 25... Qxd3 {
0-1 Wiese,H-Thorfinnsson,B/Reykjavik 1998/CBM 64 (25)}) 8... d5 9. d3 9...
Bxf2+ $146 (9... Nf6 10. d4 Be7 11. dxe5 Ne4 12. Rd1 Be6 13. c4 bxc4 14. Ba4 {
1-0 Matulovic,M-Feller,J/Siegen 1970/MCD (14)}) 10. Rxf2 Nxf2 11. Qxf2 11... f6
{Ueberdeckt g5} 12. a4 12... Bb7 $14 (12... Be6 $5 $11) 13. axb5 axb5 14. Rxa8
Bxa8 15. Qc5 Ne7 16. Qxb5+ c6 17. Qb4 O-O 18. Be3 Nf5 19. Bc5 {
Dort fuehlt sich der weisse Laeufer wohl} 19... Rf7 20. Qg4 Rb7 21. Nbd2 Qc8
22. Nh4 Ne7 23. Qxc8+ Nxc8 24. Kf2 Rb5 25. Ba3 Nb6 26. Nf5 26... c5 $16 (26...
Nc8 $5 $14 {ist zu erwaegen}) 27. Nd6 {Weiss erhaelt starke Initiative} 27...
Ra5 28. Bd1 Nd7 29. Bg4 Nf8 30. Nb3 Ra4 31. Kg3 c4 32. dxc4 dxc4 33. Nc5 Ra7
34. Nxc4 {c3 setzt sich schnell in Bewegung} 34... Bd5 35. Nb6 Bf7 36. Nc8 Ra8
37. Ne7+ Kh8 38. Bf3 Re8 39. Ne4 Bb3 40. Nc6 Ng6 (40... Rc8 41. Nc5 Bc2 42. Kf2
$18) 41. Nd6 Rf8 42. c4 Nf4 43. Na5 Bc2 44. b4 Bd3 (44... g5 {
aendert nichts mehr} 45. b5 $18) 45. b5 Rb8 (45... g5 {hilft auch nicht mehr}
46. b6 g4 47. b7 gxf3 48. Nf7+ Rxf7 49. b8=Q+ Kg7 50. Kxf3 $18) 46. Nc6 Ra8 (
46... Rb6 {holt die Kuh nicht vom Eis} 47. Bc5 Rxc6 48. bxc6 $18) 47. Nxe5 (47.
b6 $142 {und Schwarz kann direkt aufgeben} 47... Rxa3 48. b7 48... Rb3 $18)
47... Ra4 (47... Rxa3 {koennte noch eine geringe Chance darstellen} 48. Nef7+
Kg8 49. Kxf4 49... Rb3 $18) 48. Nef7+ (48. b6 $142 {machte sofort alles klar}
48... Nh5+ 49. Kh4 49... Ra6 $18) 48... Kg8 49. b6 $1 {
das war die Absicht. Droht Matt} ({Schlechter ist} 49. Kxf4 49... Bxc4 50. Nxc4
Rxc4+ 51. Kg3 51... Rc3 $18) 49... Nh5+ (49... Rxa3 {
kann das Vorangegangene nicht ungeschehen machen} 50. b7 Rb3 51. Nb5 Kxf7 52.
b8=Q $18) 50. Bxh5 (50. Kf2 $142 {sichert den Gewinn} 50... Ra6 51. b7 $18)
50... Rxa3 51. Kf2 Rb3 52. c5 Rb2+ 53. Ke3 Bf1 54. Bf3 Bxg2 (54... Rb3+ {
sonst gehen die Lichter sofort aus} 55. Kf4 55... Kf8 $18) 55. Bxg2 f5 (55...
Rb3+ 56. Kd4 Kf8 57. c6 Rb4+ 58. Kd5 $18) 56. c6 $1 {glaenzend gespielt} 56...
g5 57. c7 {Mit der Mattdrohung c8Q} 57... Kg7 {Droht Rc2} 58. c8=Q {
Droht Matt: Qh8} 58... Rb3+ 59. Kd2 Rb2+ 60. Kc3 Rxg2 (60... Re2 {
waere gleichermassen fruchtlos} 61. b7 Re3+ 62. Kd2 f4 63. Qh8+ Kg6 64. Qg8+
Kf6 65. Qxg5+ Ke6 66. Bd5+ Kd7 67. Qd8#) 1-0

[Event "ICS rated blitz match"]
[Site "204.178.125.65"]
[Date "1999.08.18"]
[Round "?"]
[White "Hossa"]
[Black "AGRESSO"]
[Result "1-0"]
[WhiteElo "2303"]
[BlackElo "2106"]
[Annotator "Fritz 5.32 (15s)"]
[PlyCount "50"]
[EventDate "1999.??.??"]

1. d4 1... f5 {Opening = A85 - 2.c4 Nf6 3.Nc3} 2. c4 Nf6 3. Nc3 g6 4. f3 4...
Bg7 $146 (4... d6 5. e4 fxe4 6. fxe4 Bg7 7. Nf3 c5 8. d5 Bg4 9. Be2 Bxf3 10.
gxf3 Nbd7 11. O-O Ne5 12. f4 Nf7 13. Be3 Qd7 14. Rb1 O-O 15. b4 b6 16. bxc5
bxc5 17. Rb5 a6 18. Rb3 Kh8 19. Kh1 {
Gyurkovics,M-Bagonyai,A/HUN-chT 1993/TD/1-0 (43)}) (4... c5 5. dxc5 (5. d5 Bg7
6. e4 fxe4 7. fxe4 d6 8. Be2 O-O 9. Nf3 Nbd7 10. O-O Ng4 11. h3 Nge5 12. Ng5
Nb6 13. Qb3 Rxf1+ 14. Bxf1 h6 15. Ne6 Bxe6 16. dxe6 Rb8 17. Nd5 Na8 18. h4 Nc7
19. Qh3 19... h5 {Luce,S-Pein,M/Uzes 1989/EXT 97/0-1 (31)}) 5... Na6 6. Be3 e5
7. Qd2 Bxc5 8. Bxc5 Nxc5 9. O-O-O b6 10. e3 O-O 11. Kb1 Bb7 12. Nge2 Qe7 13.
Nc1 Rfd8 14. Qd6 Qxd6 15. Rxd6 Kf7 16. Be2 Ke7 17. Rhd1 g5 18. R6d2 Bc6 19. Nd3
Nxd3 20. Bxd3 f4 21. Re1 d6 22. Bf5 Bd7 23. Bxd7 Rxd7 24. exf4 gxf4 25. Red1
Rg8 26. Kc2 Ke6 27. Re1 Kf5 28. Kb3 28... Rdg7 {
- Ward,C-Howell,J/Eastbourne 1990/EXT 97 (28)}) (4... d5 5. cxd5 Nxd5 6. e4
Nxc3 7. bxc3 Bg7 8. Bc4 c5 9. Ne2 Nc6 10. Be3 cxd4 11. cxd4 fxe4 12. fxe4 Rf8
13. Qb3 Bxd4 14. Bxd4 Nxd4 15. Nxd4 Qxd4 16. Qa4+ {
1-0 Berliner,H-Ault,R/Omaha 1959/EXT 99 (16)}) 5. Bg5 d6 6. Rc1 O-O 7. e3 Nc6
8. Nge2 e5 9. Nd5 exd4 10. exd4 Qd7 11. Nxf6+ Bxf6 12. Bxf6 Rxf6 13. Nc3 Ne7
14. Be2 14... c6 {Kontrolliert b5+d5} 15. O-O f4 16. Qd2 d5 17. cxd5 {
Weiss entwickelt eine toedliche Initiative} 17... cxd5 18. Rfe1 Qd8 19. Bd3
19... Bd7 $16 (19... Be6 $5 $14 {bedarf naeherer Analyse}) 20. Rxe7 $1 {
die richtige Fortsetzung, um den Vorteil festzuhalten} 20... Qxe7 21. Nxd5 Qd6
22. Nxf6+ Qxf6 23. Bc4+ Kh8 24. Bd5 Bc6 25. Bxc6 bxc6 1-0

[Event "ICS Rated blitz match"]
[Site "204.178.125.65"]
[Date "1999.08.18"]
[Round "?"]
[White "mkarp"]
[Black "Hossa"]
[Result "0-1"]
[WhiteElo "2295"]
[BlackElo "2311"]
[Annotator "Fritz 5.32 (15s)"]
[PlyCount "80"]
[EventDate "1999.??.??"]

1. e4 1... e5 {Opening = C68 - 3.Bb5 a6 4.Bc6(dc6 5.0-0 ---)} 2. Nf3 Nc6 3. Bb5
a6 4. Bxc6 dxc6 5. O-O Bg4 6. h3 Bh5 7. d3 Qf6 (7... f6 8. Be3 Bd6 9. Nbd2 Ne7
10. Qb1 c5 11. a3 g5 12. Nh2 Qd7 13. Nc4 Ng6 14. b4 cxb4 15. axb4 Nf4 16. Re1
Rg8 17. Qb3 Ke7 18. Bc5 Bf7 19. Qc3 Bxc4 20. Qxc4 b5 21. Bxd6+ cxd6 22. Qb3 Qe6
23. Qxe6+ Kxe6 24. g3 Nxh3+ 25. Kg2 g4 26. Nxg4 Rxg4 27. Kxh3 Rg7 28. Kg2 {
- Penson,T-Bierenbroodspot,P/Geraardsbergen 1992/EXT 99 (28)}) (7... Bd6 8. Be3
Nf6 9. Nbd2 Qd7 10. c3 O-O 11. Qb3 b5 12. d4 exd4 13. Bxd4 Bxf3 14. Nxf3 Nxe4
15. Qc2 Rfe8 16. Rfe1 Qe7 17. Nd2 Qg5 18. Nxe4 Qg6 19. Re3 c5 20. Bxc5 Bxc5 21.
Re2 Bb6 22. Rae1 {Wolfram,B-Lang,L/AUT-chJM U10 1995/EXT 97/0-1 (53)}) 8. Nbd2
$146 (8. Be3 Bxf3 9. Qxf3 Qxf3 10. gxf3 Bd6 11. Nd2 Ne7 12. d4 f6 13. Nc4 Ng6
14. Nxd6+ cxd6 15. Kg2 f5 16. dxe5 dxe5 17. Rad1 f4 18. Bb6 Nh4+ 19. Kh1 Nxf3
20. Rd3 Ng5 21. Rg1 Ne6 22. Rd6 Kf7 23. f3 Rae8 24. Rgd1 g5 25. Kg2 Rhg8 26.
Rd7+ Re7 27. Bd8 Nxd8 28. Rxd8 Rxd8 29. Rxd8 Kf6 30. Rd6+ Re6 31. Rd7 b6 32. b4
c5 33. bxc5 bxc5 34. Kf2 h5 35. Ke2 g4 36. hxg4 hxg4 37. fxg4 Kg5 38. Rg7+ Rg6
39. Rc7 Kxg4 40. Rxc5 Rh6 41. Rxe5 Rh2+ 42. Ke1 Rxc2 43. Re8 Kf3 44. e5 Ke3 45.
Kf1 f3 46. Kg1 Rc1+ 47. Kh2 47... f2 {
0-1 Stangeland,K-Mork,K/Stavanger 1991/EXT 97 (47)}) 8... O-O-O 9. Qe2 Bd6 10.
b3 Bb4 11. g4 11... Bc3 {Schwarz ergreift die Initiative} 12. Rb1 Bg6 13. Nc4
Qe6 14. Bd2 $17 (14. Nfxe5 $5 {sieht spielbar aus} 14... b5 15. f4 bxc4 16.
Nxc4 $11) 14... Bxd2 15. Qxd2 (15. Nfxd2 15... h5 $17) 15... f6 16. Rfe1 $19 (
16. Nh2 16... h5 $17) 16... h5 17. Nh2 hxg4 18. hxg4 Ne7 19. f3 Rh3 20. Re2
Rdh8 21. Rg2 21... R8h7 $17 (21... Bf7 22. Qe3 Qd7 23. c3 $19) 22. Ne3 $19 (22.
d4 $5 $17) 22... Qg8 $17 (22... Bf7 23. Qb4 $19) 23. Nef1 23... Qh8 $15 (23...
Bf7 $5 $17) 24. Qe2 $19 (24. d4 $5 $15 {muss geprueft werden}) 24... Bf7 25. c3
Ng6 26. Qd2 $19 (26. Qe3 Nf4 27. Rd2 27... b6 $17) 26... Kb8 27. Rf2 Nf4 28. a4
Ka8 29. b4 R3h4 30. Kh1 30... g5 $15 (30... Qd8 $5 $19 $142) 31. b5 {Raumgewinn
} 31... cxb5 32. axb5 a5 33. b6 cxb6 34. Rxb6 Qd8 35. Rb1 $19 (35. Qe3 $5 35...
Nxd3 36. Rd2 $17) 35... Nxd3 (35... Qxd3 36. Qxd3 Nxd3 37. Rd2 $19) 36. Re2 Bc4
37. Ne3 (37. Qe3 Nf4 38. Rd2 38... Qc7 $19) 37... Nf2+ 38. Rxf2 $2 (38. Kg1
Qxd2 39. Rxd2 Rxh2 40. Nxc4 Rh1+ 41. Kxf2 Rxb1 42. Rd5 $19) 38... Rxh2+ 39.
Rxh2 Qxd2 40. Rxh7 Qxe3 (40... Qxe3 41. Kg2 41... Be2 $19) 0-1

[Event "ICS rated blitz match"]
[Site "204.178.125.65"]
[Date "1999.08.18"]
[Round "?"]
[White "Hossa"]
[Black "TheBorg"]
[Result "0-1"]
[WhiteElo "2326"]
[BlackElo "2607"]
[Annotator "Fritz 5.32 (15s)"]
[PlyCount "104"]
[EventDate "1999.??.??"]

1. d4 1... Nf6 {Opening = E17 - 5.Bg2 Be7(6.0-0 0-0)} 2. c4 e6 3. Nf3 b6 4. g3
Bb7 5. Bg2 Be7 6. O-O O-O 7. Bg5 7... d5 $146 (7... Ne8 8. Bxe7 Qxe7 9. Qc2 f5
10. Nc3 10... Nd6 {- Milic,B-Djaja,D/Belgrade 1948/EXT 99 (10)}) (7... d6 8.
Qc2 (8. Nc3 Ne4 9. Bxe7 Qxe7 10. Qc2 Nxc3 11. Qxc3 Nd7 12. Rfd1 f5 13. b4 Nf6
14. a3 Rac8 15. a4 c5 16. dxc5 bxc5 17. b5 d5 18. e3 Ne4 19. Qc2 dxc4 20. Ne5
Bd5 21. Nxc4 Rfd8 22. Nd2 22... Nxd2 {
Cvek,R-Rottenborn,E/Plzen 1995/EXT 98/1-0 (41)}) 8... Nbd7 9. Nc3 c5 10. dxc5
10... bxc5 {- Damljanovic,B-Gligoric,S/Belgrade 1998/CBM 64 (10)}) (7... c5 8.
Nc3 d6 9. dxc5 bxc5 10. Qc2 Nbd7 11. Rad1 Rb8 12. Rfe1 Qb6 13. e4 h6 14. Bf4 e5
15. Bc1 Nh7 16. Bh3 Rbd8 17. Nd5 Bxd5 18. Rxd5 Nb8 19. Kh1 Nc6 20. Rd3 Nb4 21.
Qb3 Nxd3 22. Qxd3 {Ho Cheng Fai,V-Cooper,A/Singapore 1995/CBM 50 ext/0-1 (39)})
8. cxd5 Nxd5 ({Dagegen} 8... Qxd5 9. Bxf6 Bxf6 10. Nh4 Qxd4 11. Bxb7 Qxd1 12.
Rxd1 Bxb2 13. Bxa8 Bxa1 14. Nf3 $16) (8... exd5 $6 9. Qb3 $11) 9. Bxe7 Qxe7 10.
Nbd2 Rd8 11. e4 Nb4 12. a3 N4c6 13. Nb3 a5 14. Rc1 a4 15. Na1 15... Nd7 $11 (
15... Nxd4 $5 $142 16. Nxd4 16... c5 $17) 16. Rc4 $15 (16. Qc2 16... Nf6 $11)
16... e5 17. Qc2 17... exd4 {Nun geraet Weiss unter starken Druck.} 18. Nxd4
Nc5 19. Nf5 Qe6 20. Re1 (20. Qc3 20... f6 $17) 20... g6 $1 {
zementiert den Vorteil} 21. Nh4 Ba6 22. Rxc5 Nd4 23. Qc3 bxc5 24. Qxc5 Rab8 25.
Qxc7 Qb6 26. Qxb6 Rxb6 27. Nf3 Nxf3+ 28. Bxf3 Rxb2 29. Bg2 (29. e5 Rd3 30. Be4
30... Rxa3 $19) 29... Rdd2 30. Bf1 30... Bxf1 {Droht entscheidend Rxf2} 31.
Rxf1 Ra2 32. Kg2 Rxa3 33. Rc1 Raa2 34. Rf1 Kg7 35. h4 (35. e5 {
hilft allerdings auch nicht} 35... Kf8 $19) 35... Kf6 36. g4 Ke5 37. h5 gxh5
38. gxh5 Kxe4 39. h6 (39. Kg3 {kann das Vorangegangene nicht ungeschehen machen
} 39... Ra3+ 40. Kg4 Rda2 41. Re1+ 41... Kd5 $19) 39... Kf4 40. Kg1 40... Kf3 {
Droht Matt: Rxf2} 41. Rc1 41... Rxf2 {Es droht Matt} 42. Rc3+ Ke4 43. Rc7 43...
Rfd2 {Mit der Mattdrohung Rd1} 44. Rc1 Rg2+ 45. Kh1 (45. Kf1 {
aendert den traurigen Lauf der Dinge nicht} 45... Raf2+ 46. Ke1 46... Rh2 $19)
45... Rh2+ (45... Kf3 46. Rc3+ Kf2 47. Nc2 Rg3 48. Re3 Rxc2 49. Re2+ Rxe2 50.
Kh2 f5 51. Kh1 Rh3#) 46. Kg1 Rag2+ 47. Kf1 Rh1+ 48. Kxg2 48... Rxc1 {
Droht Matt: Rxa1} 49. Kf2 49... Rxa1 {Droht Matt} 50. Kg2 (50. Ke2 {
waere gleichermassen fruchtlos} 50... Ra2+ 51. Kd1 a3 52. Kc1 Rb2 53. Kd1 a2
54. Ke1 a1=Q#) 50... Ra2+ 51. Kh3 (51. Kg3 {hilft allerdings auch nicht} 51...
f5 52. Kh4 Kf4 53. Kh3 a3 54. Kh4 Rh2#) 51... Kf4 52. Kh4 Rh2# 0-1